00972nam a2200277Ia 4500001000700000003000500007008004100012010001100053040000900064082001600073100006300089245007300152260003000225300000800255650003800263650003600301901001600337902000600353910000900359942000600368942000700374999001900381952009800400952009800498952009800596Z_1631CHAP220113s1989 xx 000 0 und d a164718 cCHAP a636.3063 S4 aSeminario ovino caprino (1: 1989: La Habana, Cuba)9138798 aConferencias /cpor Ministerio de Agricultura. Area de Ganadería aLa Habana :bCIDA,c1989 a3 v aGanado cabríoxCongresos944999 aGanado lanarxCongresos 945164 a636.3063 S4 aM a1989 c1 cc1 c164718d164718 00102ddc40708GRALaZbZc3d2005-11-09pz_1541r2022-01-18 00:00:00t1w2022-01-18yLIBRO 00102ddc40708GRALaZbZc3d2005-11-09pz_1542r2022-01-18 00:00:00t1w2022-01-18yLIBRO 00102ddc40708GRALaZbZc3d2005-11-09pz_1543r2022-01-18 00:00:00t1w2022-01-18yLIBRO